000 00442nam a22001697a 4500
003 OSt
005 20221117130241.0
008 221117b |||||||| |||| 00| 0 eng d
040 _cDLC
050 _bST888M
082 _bST888M
100 _aStott, John R. W.
245 _aThe Message of Timothy & Titus/
_cby John R. W. Stott
260 _aLeicester LE1 7DP, England:
_bInter- Varsity Press,
_c1997.
300 _a127p.
942 _2ddc
_cBK
999 _c11028
_d11028